[Event "HUN-chT2 Maroczy 1819"]
[Site "Hungary"]
[Date "2018.11.18"]
[Round "4.11"]
[White "Davaademberel, Purevdorj"]
[Black "Repasi, Zoltan"]
[Result "1/2-1/2"]
[WhiteElo "1857"]
[BlackElo "2044"]
[PlyCount "155"]
[EventDate "2018.09.23"]
[EventType "team-tourn"]
[EventRounds "11"]
[EventCountry "HUN"]
[SourceTitle "EXT 2020"]
[Source "ChessBase"]
[SourceDate "2019.10.17"]
[SourceVersion "1"]
[SourceVersionDate "2019.10.17"]
[SourceQuality "1"]
[WhiteTeam "Debrecen Kwizda"]
[BlackTeam "Szigetszentmiklos"]
[WhiteTeamCountry "HUN"]
[BlackTeamCountry "HUN"]

1. e4 Nf6 2. e5 Nd5 3. d4 d6 4. c4 Nb6 5. exd6 cxd6 6. Nc3 g6 7. Be3 Bg7 8. Rc1 0-0 9. b3 Nc6 10. Nf3 Bg4 11. Be2 d5 12. c5 Nc8 13. h3 Bxf3 14. Bxf3 e6 15. Qd2 N8e7 16. g4 e5 17. Ne2 e4 18. Bg2 Re8 19. 0-0 Qd7 20. b4 a6 21. a4 Nd8 22. Qc2 Ne6 23. f4 exf3 24. Bxf3 Nc6 25. Qd2 Re7 26. b5 axb5 27. axb5 Na5 28. Ra1 Qd8 29. Qb4 Nxc5 30. Bg5 f6 31. Qxc5 fxg5 32. b6 Rc8 33. Qxa5 Rxe2 34. Bxe2 Bxd4+ 35. Kh1 Bxa1 36. Rxa1 Rc6 37. Rb1 Kg7 38. Bf3 Rd6 39. Qc3+ Qf6 40. Qc7+ Kh6 41. Bg2 d4 42. Rf1 Qe6 43. Qb8 Qe7 44. Qc7 Qe6 45. Qc5 d3 46. Bxb7 d2 47. Bf3 Qe1 48. Qf2 Qxf2 49. Rxf2 d1Q+ 50. Bxd1 Rxd1+ 51. Kg2 Rb1 52. Rf6 Rb2+ 53. Kf3 Rb3+ 54. Ke4 Kg7 55. Rd6 Kf7 56. Kd4 Ke7 57. Rc6 Kd7 58. Rc7+ Kd6 59. Rxh7 Rb4+ 60. Kc3 Rxb6 61. Kc4 Ke5 62. Kc5 Rb3 63. Kc6 Ke6 64. Kc5 Ke5 65. Rh8 Rc3+ 66. Kb4 Rc7 67. Kb5 Rc3 68. Kb4 Rc7 69. Rg8 Kf6 70. Rf8+ Ke5 71. Rf3 Rc1 72. Re3+ Kf6 73. Kb5 Rc2 74. Ra3 Rc1 75. Ra6+ Kf7 76. Ra7+ Kf6 77. Ra6+ Kf7 78. Ra7+ 1/2-1/2

[Event "HUN-chT2 Toth 1718"]
[Site "Hungary"]
[Date "2018.01.28"]
[Round "7.7"]
[White "Davaademberel, Purevdorj"]
[Black "Kovacs, Arthur"]
[Result "1/2-1/2"]
[WhiteElo "1831"]
[BlackElo "1977"]
[PlyCount "78"]
[EventDate "2017.09.24"]
[EventType "team-tourn"]
[EventRounds "11"]
[EventCountry "HUN"]
[SourceTitle "EXT 2021"]
[Source "ChessBase"]
[SourceDate "2020.10.23"]
[SourceVersion "1"]
[SourceVersionDate "2020.10.23"]
[SourceQuality "1"]
[WhiteTeam "Kecskemet Toth Laszlo II"]
[BlackTeam "Mako Duocor II"]
[WhiteTeamCountry "HUN"]
[BlackTeamCountry "HUN"]

1. e4 c6 2. d4 d5 3. e5 Bf5 4. Nf3 e6 5. Be2 c5 6. Be3 cxd4 7. Nxd4 Ne7 8. Nd2 Nbc6 9. N2f3 Bg4 10. h3 Bxf3 11. Nxf3 Nf5 12. Bf4 Bc5 13. 0-0 0-0 14. c3 Rc8 15. Bd3 g6 16. b4 Be7 17. a4 a5 18. b5 Nb8 19. Rc1 Nd7 20. Bxf5 gxf5 21. Qe2 Kh8 22. c4 Rxc4 23. Rxc4 dxc4 24. Qxc4 Nb6 25. Qc2 Qc8 26. Qd2 Bb4 27. Qd4 Bc5 28. Qa1 Nd5 29. Bh6 Rd8 30. Rc1 b6 31. Bg5 Rd7 32. Qd4 Rc7 33. Qh4 Bxf2+ 34. Kxf2 Rxc1 35. Bxc1 Qxc1 36. Ng5 Qe3+ 37. Kf1 Qc1+ 38. Kf2 Qe3+ 39. Kf1 Qc1+ 1/2-1/2

[Event "Klatovy op-B 23rd"]
[Site "Klatovy"]
[Date "2017.07.09"]
[Round "9"]
[White "Davaademberel, Purevdorj"]
[Black "Stvan, Marek"]
[Result "1-0"]
[WhiteElo "1835"]
[BlackElo "1663"]
[PlyCount "49"]
[EventDate "2017.07.01"]
[EventType "swiss"]
[EventRounds "9"]
[EventCountry "CZE"]
[SourceTitle "EXT 2018"]
[Source "ChessBase"]
[SourceDate "2017.10.13"]
[SourceVersion "1"]
[SourceVersionDate "2017.10.13"]
[SourceQuality "1"]

1. e4 d5 2. exd5 Qxd5 3. d4 Nf6 4. Nf3 Bg4 5. Be2 e6 6. 0-0 Be7 7. c4 Qd8 8. Be3 c6 9. Qb3 Qc8 10. Nc3 0-0 11. Rac1 b6 12. d5 exd5 13. cxd5 c5 14. Nb5 Nbd7 15. Bf4 a6 16. Nbd4 Qb7 17. Nc6 Rfe8 18. Bc4 Bd8 19. Rfe1 Bh5 20. Rxe8+ Nxe8 21. Re1 Bf6 22. Ne7+ Kf8 23. d6 Rd8 24. Bd5 Qc8 25. Nc6 1-0

[Event "Klatovy op-B 23rd"]
[Site "Klatovy"]
[Date "2017.07.08"]
[Round "8"]
[White "Svec, Ludek"]
[Black "Davaademberel, Purevdorj"]
[Result "1/2-1/2"]
[WhiteElo "1723"]
[BlackElo "1835"]
[PlyCount "129"]
[EventDate "2017.07.01"]
[EventType "swiss"]
[EventRounds "9"]
[EventCountry "CZE"]
[SourceTitle "EXT 2018"]
[Source "ChessBase"]
[SourceDate "2017.10.13"]
[SourceVersion "1"]
[SourceVersionDate "2017.10.13"]
[SourceQuality "1"]

1. d4 d5 2. Nf3 Nf6 3. g3 c6 4. Bg2 Bg4 5. 0-0 Qc8 6. c4 dxc4 7. Na3 Be6 8. Ne5 Bd5 9. Naxc4 Bxg2 10. Kxg2 b5 11. Nd2 Nbd7 12. Ndf3 e6 13. Be3 Nd5 14. Rc1 Nxe3+ 15. fxe3 Nxe5 16. Nxe5 f6 17. Nd3 Qd7 18. Qb3 h5 19. Nc5 Bxc5 20. Rxc5 h4 21. Qc2 hxg3 22. Qg6+ Kf8 23. Rxf6+ gxf6 24. Qxf6+ Qf7 25. Qxh8+ Ke7 26. Qh4+ Kd7 27. hxg3 Rf8 28. Qf4 Qe7 29. Qh4 Qf7 30. Qf4 Qe8 31. Qe4 Kc7 32. Qh4 Rh8 33. Qg4 Qd7 34. Rg5 Kb6 35. Rg7 Qd5+ 36. Qf3 Qc4 37. Rg4 Qxa2 38. Rh4 Rxh4 39. gxh4 Qxb2 40. h5 Qc2 41. e4 Qd2 42. d5 exd5 43. exd5 cxd5 44. Kh3 b4 45. Kg4 Qd4+ 46. Kg5 Qg7+ 47. Kh4 Qe7+ 48. Kg4 Qe6+ 49. Kg5 Qg8+ 50. Kh4 Qd8+ 51. Kg4 Qd7+ 52. Kg5 Qg7+ 53. Kh4 Kc5 54. Qd3 a5 55. Qe3+ d4 56. Qc1+ Kd5 57. h6 Qf6+ 58. Qg5+ Qxg5+ 59. Kxg5 b3 60. h7 b2 61. h8Q b1Q 62. Qg8+ Kc5 63. Qc8+ Kd6 64. Qd8+ Ke6 65. Qe8+ 1/2-1/2

[Event "Klatovy op-B 23rd"]
[Site "Klatovy"]
[Date "2017.07.05"]
[Round "5"]
[White "Davaademberel, Purevdorj"]
[Black "Hartmann, Andreas"]
[Result "0-1"]
[WhiteElo "1835"]
[BlackElo "1685"]
[PlyCount "84"]
[EventDate "2017.07.01"]
[EventType "swiss"]
[EventRounds "9"]
[EventCountry "CZE"]
[SourceTitle "EXT 2018"]
[Source "ChessBase"]
[SourceDate "2017.10.13"]
[SourceVersion "1"]
[SourceVersionDate "2017.10.13"]
[SourceQuality "1"]

1. e4 e5 2. Nf3 d6 3. Bc4 h6 4. d4 exd4 5. Nxd4 Nf6 6. Nc3 c6 7. 0-0 Be7 8. Bd3 Bg4 9. f3 Bh5 10. Nf5 g5 11. Ne2 Bg6 12. Ned4 Qb6 13. Be3 c5 14. Ne2 Bxf5 15. exf5 Nd5 16. Bf2 Nd7 17. Bc4 N5f6 18. c3 Ne5 19. Bb3 Qa6 20. Ba4+ b5 21. Bc2 Kf8 22. Ng3 Rd8 23. Re1 Qc8 24. a4 a6 25. axb5 axb5 26. Ne4 d5 27. Nxf6 Bxf6 28. Bg3 Nc4 29. b3 Nb6 30. Ra7 Bxc3 31. Ree7 Bd4+ 32. Bf2 Nd7 33. Bxd4 cxd4 34. Rexd7 Rxd7 35. Qxd4 Kg8 36. f6 Rxa7 37. Qxa7 Qxc2 38. Qa8+ Kh7 39. Qxd5 Kg6 40. h4 gxh4 41. Qxb5 Qd1+ 42. Kf2 Rc8 0-1

[Event "Klatovy op-B 23rd"]
[Site "Klatovy"]
[Date "2017.07.03"]
[Round "3"]
[White "Davaademberel, Purevdorj"]
[Black "Sedlak, Jakub"]
[Result "1-0"]
[WhiteElo "1835"]
[BlackElo "1495"]
[PlyCount "97"]
[EventDate "2017.07.01"]
[EventType "swiss"]
[EventRounds "9"]
[EventCountry "CZE"]
[SourceTitle "EXT 2018"]
[Source "ChessBase"]
[SourceDate "2017.10.13"]
[SourceVersion "1"]
[SourceVersionDate "2017.10.13"]
[SourceQuality "1"]

1. e4 e6 2. d4 d5 3. Nc3 Nf6 4. e5 Nfd7 5. f4 c5 6. Nf3 Nc6 7. Be3 Qb6 8. Qd2 Be7 9. a4 c4 10. Rb1 Bb4 11. Be2 Qa5 12. 0-0 Ne7 13. Bf2 Bxc3 14. bxc3 Qxa4 15. g4 g6 16. Bh4 Qc6 17. f5 h6 18. Bxe7 Kxe7 19. fxg6 fxg6 20. Nh4 Kd8 21. Nxg6 Rh7 22. Qf4 Kc7 23. g5 hxg5 24. Qxg5 Nb6 25. Nf8 Rh3 26. Bg4 Rxc3 27. Qe7+ Kb8 28. Bxe6 Bxe6 29. Nxe6 a6 30. Rf6 Nc8 31. Qb4 Qb5 32. Qxc3 Qxb1+ 33. Rf1 Qb5 34. Rf8 Qd7 35. Qh3 b5 36. Qf5 Ra7 37. Rd8 Qc6 38. Rg8 Re7 39. Nf4 Qd7 40. Qf6 Kb7 41. Rg6 Rf7 42. Qxa6+ Kb8 43. e6 Qe8 44. exf7 Qe1+ 45. Kg2 Qd2+ 46. Kf3 Qd1+ 47. Kg3 Qg1+ 48. Ng2 Qxd4 49. f8Q 1-0

[Event "Klatovy op-B 23rd"]
[Site "Klatovy"]
[Date "2017.07.02"]
[Round "2"]
[White "Kubat, Zbynek"]
[Black "Davaademberel, Purevdorj"]
[Result "1-0"]
[WhiteElo "1682"]
[BlackElo "1835"]
[PlyCount "75"]
[EventDate "2017.07.01"]
[EventType "swiss"]
[EventRounds "9"]
[EventCountry "CZE"]
[SourceTitle "EXT 2018"]
[Source "ChessBase"]
[SourceDate "2017.10.13"]
[SourceVersion "1"]
[SourceVersionDate "2017.10.13"]
[SourceQuality "1"]

1. e4 c5 2. d4 cxd4 3. c3 dxc3 4. Nxc3 Nc6 5. Nf3 a6 6. Bc4 e6 7. 0-0 Nf6 8. Re1 d6 9. Bg5 Be7 10. a3 0-0 11. Qc2 b5 12. Bd3 Bb7 13. Rad1 Nd7 14. Bxe7 Qxe7 15. Re3 h6 16. Qe2 Nde5 17. Nxe5 Nxe5 18. Rg3 Qf6 19. Bb1 Rfd8 20. f4 Qxf4 21. Rf1 Qh4 22. Qf2 Qe7 23. Qe3 Kh7 24. Ne2 Rac8 25. Nf4 g6 26. Rh3 Qf8 27. Nxe6 Ng4 28. Nxf8+ Rxf8 29. Qf4 Rc5 30. Qxg4 Bc8 31. Qf4 Bxh3 32. gxh3 Rg5+ 33. Kh1 d5 34. exd5 Rxd5 35. Qf6 Rg5 36. Rg1 Rxg1+ 37. Kxg1 Kg8 38. Ba2 1-0

[Event "Novi Sad Serbian op"]
[Site "Novi Sad"]
[Date "2016.11.08"]
[Round "4"]
[White "Davaademberel, Purevdorj"]
[Black "Maksimovic, Bojan"]
[Result "0-1"]
[WhiteElo "1800"]
[BlackElo "2215"]
[PlyCount "90"]
[EventDate "2016.11.06"]
[EventType "swiss"]
[EventRounds "9"]
[EventCountry "SRB"]
[SourceTitle "CBM 175 Extra"]
[Source "ChessBase"]
[SourceDate "2016.12.12"]
[SourceVersion "1"]
[SourceVersionDate "2016.12.12"]
[SourceQuality "1"]

1. d4 Nf6 2. c4 c5 3. d5 b5 4. cxb5 a6 5. bxa6 Bxa6 6. Nc3 g6 7. Nf3 d6 8. g3 Bg7 9. Bg2 Nbd7 10. Rb1 0-0 11. 0-0 Qa5 12. Qc2 Ng4 13. Bd2 Bb7 14. a3 Nge5 15. Rfd1 Nxf3+ 16. Bxf3 Qa7 17. Bg5 Rfe8 18. Bf4 Ne5 19. Bg2 Rec8 20. h3 Ba6 21. Bd2 Rab8 22. Rdc1 Nc4 23. Be1 Qb7 24. h4 Qb3 25. Qe4 Rc7 26. h5 Bc8 27. hxg6 hxg6 28. Qd3 Ne5 29. Qd2 Bf5 30. e4 Bc8 31. Qe3 Ba6 32. Bf1 Bxf1 33. Kxf1 c4 34. Qe2 Nd3 35. Rc2 Bd4 36. Kg2 Kg7 37. Kf1 Ra7 38. Qd1 Rh8 39. Qe2 Rh1+ 40. Kg2 Rxe1 41. Rxe1 Qxc2 42. Nb5 Nxe1+ 43. Qxe1 Qxb2 44. Nxa7 Bxa7 45. a4 c3 0-1

[Event "Novi Sad Super Master2 op"]
[Site "Novi Sad"]
[Date "2016.06.18"]
[Round "9"]
[White "Sredojevic, Ivan"]
[Black "Davaademberel, Purevdorj"]
[Result "1-0"]
[WhiteElo "2361"]
[BlackElo "1897"]
[PlyCount "65"]
[EventDate "2016.06.13"]
[EventType "swiss"]
[EventRounds "9"]
[EventCountry "SRB"]
[SourceTitle "EXT 2017"]
[Source "ChessBase"]
[SourceDate "2016.10.25"]
[SourceVersion "1"]
[SourceVersionDate "2016.10.25"]
[SourceQuality "1"]

1. e4 c5 2. Nf3 Nc6 3. Nc3 e6 4. Bb5 Nge7 5. 0-0 a6 6. Bxc6 Nxc6 7. d4 cxd4 8. Nxd4 d6 9. Nxc6 bxc6 10. Qg4 Qf6 11. Be3 Qg6 12. Qe2 Bd7 13. Qc4 Be7 14. Qb4 0-0 15. e5 Rfb8 16. Qa3 Qxc2 17. Rab1 Bf8 18. exd6 e5 19. Rfd1 Qg6 20. Qc5 Bg4 21. Qxc6 Bxd1 22. Rxd1 Rd8 23. Bb6 Rac8 24. Bc7 Qc2 25. d7 h6 26. h3 Rxc7 27. Qxc7 Be7 28. Qxe5 Kf8 29. Re1 Rxd7 30. Nd5 f6 31. Qe6 Rxd5 32. Qxe7+ Kg8 33. Qe6+ 1-0

[Event "Novi Sad Super Master2 op"]
[Site "Novi Sad"]
[Date "2016.06.16"]
[Round "5"]
[White "Davaademberel, Purevdorj"]
[Black "Panic, Nenad"]
[Result "0-1"]
[WhiteElo "1897"]
[BlackElo "2344"]
[PlyCount "72"]
[EventDate "2016.06.13"]
[EventType "swiss"]
[EventRounds "9"]
[EventCountry "SRB"]
[SourceTitle "EXT 2017"]
[Source "ChessBase"]
[SourceDate "2016.10.25"]
[SourceVersion "1"]
[SourceVersionDate "2016.10.25"]
[SourceQuality "1"]

1. e4 c5 2. Nf3 e6 3. d4 cxd4 4. Nxd4 a6 5. c4 Nf6 6. Nc3 Qc7 7. a3 Be7 8. Be3 0-0 9. Rc1 d6 10. Be2 Nbd7 11. 0-0 b6 12. b4 Bb7 13. f3 Rac8 14. Kh1 Qb8 15. Nb3 Rfe8 16. Bg1 Bf8 17. Na4 Bc6 18. Nb2 Qa8 19. Rc2 g6 20. Nd4 Bb7 21. Qc1 Rc7 22. Na4 Rec8 23. h3 d5 24. cxd5 Rxc2 25. Nxc2 exd5 26. Qd2 b5 27. e5 Nh5 28. Nc3 Ng3+ 29. Kh2 Nxf1+ 30. Bxf1 Nxe5 31. Bd4 Qb8 32. Kh1 Qc7 33. Ne3 Bg7 34. f4 Nf3 35. gxf3 Bxd4 36. Qxd4 Qxc3 0-1

[Event "Novi Sad Super Master2 op"]
[Site "Novi Sad"]
[Date "2016.06.14"]
[Round "2"]
[White "Nomin Erdene, Davaademberel"]
[Black "Davaademberel, Purevdorj"]
[Result "1-0"]
[WhiteElo "2443"]
[BlackElo "1897"]
[PlyCount "67"]
[EventDate "2016.06.13"]
[EventType "swiss"]
[EventRounds "9"]
[EventCountry "SRB"]
[SourceTitle "EXT 2017"]
[Source "ChessBase"]
[SourceDate "2016.10.25"]
[SourceVersion "1"]
[SourceVersionDate "2016.10.25"]
[SourceQuality "1"]

1. c4 e5 2. Nc3 c5 3. g3 Nc6 4. Bg2 g6 5. a3 Bg7 6. b4 cxb4 7. axb4 Nxb4 8. Ba3 Nc6 9. Nb5 Bf8 10. Bd6 Bxd6 11. Nxd6+ Kf8 12. Bd5 Nh6 13. Nf3 Nb4 14. d4 Nxd5 15. cxd5 exd4 16. Qxd4 f6 17. Ng5 Nf5 18. Nxf5 gxf5 19. d6 Rg8 20. Nh3 b5 21. Qd5 Rb8 22. Qxf5 Bb7 23. 0-0 Rg7 24. Rxa7 Bc6 25. Nf4 Kg8 26. Nh5 Rg6 27. Rc1 b4 28. Rxc6 dxc6 29. Qe6+ Kh8 30. Re7 b3 31. Nxf6 Rg7 32. Qe4 b2 33. Qxh7+ Rxh7 34. Rxh7# 1-0

[Event "HUN-chT2 Toth 1415"]
[Site "Hungary"]
[Date "2015.03.01"]
[Round "9.7"]
[White "Davaademberel, Purevdorj"]
[Black "Molnar, Laszlo"]
[Result "0-1"]
[WhiteElo "1879"]
[BlackElo "2188"]
[PlyCount "50"]
[EventDate "2014.09.07"]
[EventType "team-tourn"]
[EventRounds "11"]
[EventCountry "HUN"]
[SourceTitle "EXT 2016"]
[Source "ChessBase"]
[SourceDate "2015.10.08"]
[SourceVersion "1"]
[SourceVersionDate "2015.10.08"]
[SourceQuality "1"]
[WhiteTeam "Toth Laszlo"]
[BlackTeam "Ujszasz"]
[WhiteTeamCountry "HUN"]
[BlackTeamCountry "HUN"]

1. d4 Nf6 2. c4 g6 3. Nc3 d5 4. cxd5 Nxd5 5. e4 Nxc3 6. bxc3 Bg7 7. Bc4 c5 8. Ne2 Nc6 9. e5 0-0 10. 0-0 Qc7 11. Qa4 Bg4 12. Be3 a6 13. Qc2 Rac8 14. Rac1 Qa5 15. Qb2 b5 16. Bd5 Rfd8 17. c4 Bxe2 18. Qxe2 Nxd4 19. Bxd4 cxd4 20. e6 f5 21. Qd3 Rc5 22. Bb7 bxc4 23. Rxc4 Qb5 24. Rfc1 Rxc4 25. Qxc4 Qxb7 0-1

[Event "HUN-chT2 Toth 1415"]
[Site "Hungary"]
[Date "2014.11.30"]
[Round "5.8"]
[White "Pasztorcsik, Janos"]
[Black "Davaademberel, Purevdorj"]
[Result "1/2-1/2"]
[WhiteElo "2011"]
[BlackElo "1879"]
[PlyCount "68"]
[EventDate "2014.09.07"]
[EventType "team-tourn"]
[EventRounds "11"]
[EventCountry "HUN"]
[SourceTitle "EXT 2016"]
[Source "ChessBase"]
[SourceDate "2015.10.08"]
[SourceVersion "1"]
[SourceVersionDate "2015.10.08"]
[SourceQuality "1"]
[WhiteTeam "Oroshaza"]
[BlackTeam "Toth Laszlo"]
[WhiteTeamCountry "HUN"]
[BlackTeamCountry "HUN"]

1. d4 Nf6 2. Nf3 d5 3. Bf4 e6 4. e3 Nbd7 5. c4 Bb4+ 6. Nc3 Ne4 7. Qc2 c5 8. cxd5 exd5 9. Bd3 Ndf6 10. 0-0 0-0 11. Nxe4 dxe4 12. Bxe4 cxd4 13. Nxd4 Nxe4 14. Qxe4 Re8 15. Qf3 Qb6 16. Rfd1 Bf8 17. Rd2 a5 18. h3 a4 19. a3 Qa5 20. Rad1 Ra6 21. Rc2 Rf6 22. Rdc1 Bf5 23. Bc7 Bxc2 24. Bxa5 Rxf3 25. gxf3 Bd3 26. Rc3 Ba6 27. Bb6 g6 28. Rc7 Bd6 29. Rd7 Be5 30. f4 Bf6 31. Rd5 Rc8 32. Rc5 Rxc5 33. Bxc5 Bd3 34. Kg2 Bxd4 1/2-1/2

[Event "HUN-chT2 Toth 1415"]
[Site "Hungary"]
[Date "2014.09.07"]
[Round "1.8"]
[White "Davaademberel, Purevdorj"]
[Black "Kopias, Ferenc"]
[Result "0-1"]
[WhiteElo "1879"]
[BlackElo "1818"]
[PlyCount "102"]
[EventDate "2014.09.07"]
[EventType "team-tourn"]
[EventRounds "11"]
[EventCountry "HUN"]
[SourceTitle "EXT 2016"]
[Source "ChessBase"]
[SourceDate "2015.10.08"]
[SourceVersion "1"]
[SourceVersionDate "2015.10.08"]
[SourceQuality "1"]
[WhiteTeam "Toth Laszlo"]
[BlackTeam "Mako II"]
[WhiteTeamCountry "HUN"]
[BlackTeamCountry "HUN"]

1. d4 f5 2. Bg5 c6 3. g3 g6 4. Bg2 Bg7 5. e4 fxe4 6. Bxe4 Qa5+ 7. Bd2 Qb6 8. Bc3 Nf6 9. Bg2 d6 10. Nd2 0-0 11. h3 Be6 12. Ngf3 Bd5 13. 0-0 Na6 14. a4 Qc7 15. Ng5 Qd7 16. Qe2 Bxg2 17. Kxg2 Nc7 18. Rae1 Nfd5 19. Ne6 Nxe6 20. Qxe6+ Qxe6 21. Rxe6 Nxc3 22. bxc3 Rf7 23. f4 Bf8 24. Ne4 Rf5 25. Rb1 Kf7 26. g4 Ra5 27. f5 gxf5 28. Ng5+ Kg8 29. Rxb7 fxg4 30. h4 Rxa4 31. Kg3 c5 32. dxc5 dxc5 33. Rc7 Rc4 34. Ne4 a5 35. Rb7 a4 36. Rb2 a3 37. Ra2 Raa4 38. Kf4 g3 39. Kf5 g2 40. Ra1 a2 41. Re5 Kf7 42. Ng5+ Ke8 43. Ne4 Rxe4 44. Rxe4 g1Q 45. Rxg1 a1Q 46. Rxa1 Rxa1 47. Ke6 Rd1 48. Ra4 Rd6+ 49. Ke5 Bg7+ 50. Ke4 Bxc3 51. Rc4 Rd4+ 0-1